000 00252nam a2200109Ia 4500
008 190216s9999||||xx |||||||||||||| ||und||
100 _aKrishna Varrier N V
245 0 _aKalolsavam
260 _bCurrent Books
650 _aEssay Malayalam
942 _cBK
999 _c23883
_d23883